banner-ar

A DICTIONARY OF AMERICAN IDIOMS / (Record no. 16058)

MARC details
000 -الفاتح
حقل البيانات ثابتة الطول 00551nam a2200193Ia 4500
008 - عناصر البيانات ثابتة الطول - معلومات عامة
حقل البيانات ثابتة الطول 140319s9999 xx 000 0 eng d
040 ## - مصدر الفهرسة
وكالة الفهرسة الأصلية GCL /
وكالة النسخ GCL
082 04 - رقم تصنيف ديوى العشرى
رقم التصنيف 423
رقم المادة B A
100 1# - المدخل الرئيسى - إسم شخصى
الإسم الشخصى MAKKAI, ADAM
245 10 - بيان العنوان
العنوان A DICTIONARY OF AMERICAN IDIOMS /
بيان المسئوليه,etc MAKKAI, ADAM
700 1# - المدخل الاضافى - اسم شخصى
الإسم الشخصى BOATNER, AXINE TULL
700 1# - المدخل الاضافى - اسم شخصى
الإسم الشخصى GATES, JOHN EDWARD
260 ## - PUBLICATION, DISTRIBUTION, ETC. (IMPRINT)
تاريخ النشر أو التوزيع 1975
300 ## - الوصف المادى
التعداد 392 P
650 04 - المدخل الاضافى بالموضوع-مصطلح موضوعى
مصطلح موضوعي ENGLISH LANGUAGE - U.S - DICTIONARY
650 04 - المدخل الاضافى بالموضوع-مصطلح موضوعى
مصطلح موضوعي ENGLISH LANGUAGE - DICTIONARIES
942 ## - عناصر المدخل الإضافي( كوها)
مصدر التصنيف او مخطط الترفيف Dewey Decimal Classification
Koha [default] item type كتاب
260 ## - PUBLICATION, DISTRIBUTION, ETC. (IMPRINT)
-- [S.N] :
-- BARRON, EDUCATIONAL SERIES ،
Holdings
حالة التراجع حالة الفقد حالة تلف ليس للاعارة المكان المؤقت الموقع الحالى تاريخ الاكتساب اجمالي اﻻعارات رقم الطلب الباركود تاريخ اخر مشاهدة تاريخ تفعيل السعر نوع وعاء كوها
        مكتبة القاهرة الكبرى مكتبة القاهرة الكبرى 03/26/2014   423\B A 29387 03/26/2014 03/26/2014 كتاب

Powered By

EGPV